000 00560nam a2200193Ia 4500
008 160319s9999 xx 000 0 und d
245 _aIllustrated Encyclopedia of Science and Nature /
245 _cTime Life.
260 _bEducational Technologies Ltd.
260 _c2004
300 _a2 videodisc :
300 _c4 3/4 in.
500 _aindex to 32-vol series and web links for further research.
650 _aEncyclopedias and dictionaries.
650 _aNature--
650 _aScience--
650 _xDictionaries.
650 _xDictionaries.
999 _c292562
_d292562